| 000 | 00962cam a22001934a 4500 | ||
|---|---|---|---|
| 005 | 20250605163530.0 | ||
| 008 | 250528s ||||||||||||||||||||||||d | ||
| 035 | _a21195 | ||
| 020 | _a9781412941617 | ||
| 040 |
_aGR-AtMCL _bgre _dGR-AtMCL _eAACR2 |
||
| 245 | 1 | _aLeadership / Theory and Practice | |
| 250 | _a4th | ||
| 260 |
_bNorthouse Peter G _bSage Publications, _c2007 |
||
| 300 | _a396 | ||
| 520 | _aThis book offers a full coverage of contemporary notions of leadership, including traditional theories, salient models, and new domains. Preface, Introduction, Trait Approach, Skills Approach, Style Approach, Situational Approach, Contingency Theory, Path-Goal Theory, Leader-Member Exchange Theory, Transformational Leadership, Team Leadership, Psychodynamic Approach, Women and Leadership, Culture and Leadership, Leadership Ethics, Name and Subject Index, About the Authors and Contributors. | ||
| 942 | _cBK | ||
| 999 |
_c6263 _d6263 |
||